BBC Top 100 Books Quiz Stats

 Plays Quiz Updated Nov 26, 2018

     
Support Sporcle.
Go Orange.
Score 0/100 Timer 15:00
0 Plays Today
Rank Book % Correct
1The Lord of the Rings
96.4%
2Pride and Prejudice
89%
8Nineteen Eighty-Four
87.3%
22Harry Potter and the Philosopher's Stone
84.4%
6To Kill a Mockingbird
83.2%
25The Hobbit
79.4%
15Catcher in the Rye
79.4%
9The Lion, the Witch and the Wardrobe
77.1%
46Animal Farm
77.1%
23Harry Potter and the Chamber of Secrets
75.1%
43The Great Gatsby
75%
5Harry Potter and the Goblet of Fire
74.4%
20War and Peace
73.5%
24Harry Potter and the Prisoner of Azkaban
73.3%
12Wuthering Heights
71.1%
18Little Women
70.6%
30Alice's Adventures in Wonderland
69.5%
10Jane Eyre
67.9%
35Charlie and the Chocolate Factory
67.6%
29The Grapes of Wrath
66.8%
17Great Expectations
65.8%
63A Tale of Two Cities
65.4%
40Emma
65.2%
7Winnie the Pooh
64.4%
52Of Mice and Men
64.3%
11Catch 22
62%
36Treasure Island
61.6%
47A Christmas Carol
59.2%
4The Hitchhiker's Guide to the Galaxy
58.3%
70Lord of the Flies
57%
3His Dark Materials
52.9%
60Crime and Punishment
52%
87Brave New World
51.6%
78Ulysses
50.7%
Rank Book % Correct
74Matilda
49.3%
54Anna Karenina
49%
90On the Road
46.8%
56The BFG
46.2%
21Gone with the Wind
45.8%
34David Copperfield
44.4%
14Rebecca
41.2%
44The Count of Monte Cristo
38.2%
91The Godfather
37.6%
32One Hundred Years of Solitude
37%
38Persuasion
34.2%
97Love in the Time of Cholera
32.3%
16Wind in the Willows
31.5%
26Tess of the D'Urbervilles
31.4%
51The Secret Garden
30.5%
58Black Beauty
30.5%
75Bridget Jones' Diary
28.2%
41Anne of Green Gables
27.8%
39Dune
27.5%
79Bleak House
26.7%
27Middlemarch
26.4%
81The Twits
26.2%
42Watership Down
25.5%
45Brideshead Revisited
24.8%
83Holes
23.4%
59Artemis Fowl
23.3%
100Midnight's Children
23.1%
99The Princess Diaries
22.2%
94The Alchemist
21.6%
13Birdsong
20.6%
48Far from the Madding Crowd
20.5%
53The Stand
19.8%
77The Woman in White
18.2%
19Captain Corelli's Mandolin
18%
Rank Book % Correct
33The Pillars of the Earth
16.9%
28A Prayer for Owen Meany
14.9%
57Swallows and Amazons
14.8%
68Good Omens
13.3%
64The Thorn Birds
13%
61Noughts and Crosses
12.7%
85The God of Small Things
12.3%
92The Clan of the Cave Bear
12.2%
93The Color of Magic
11.7%
71Perfume
11.5%
76The Secret History
11.1%
37A Town Like Alice
10.6%
82I Capture the Castle
10.4%
55A Suitable Boy
10.2%
62Memoirs of a Geisha
9.2%
88Cold Comfort Farm
9.2%
31The Story of Tracy Beaker
9%
65Mort
8.8%
84Gormenghast
8.6%
69Guards! Guards!
8.6%
67The Magus
8.1%
96Kane and Abel
7.6%
50The Shell Seekers
7.5%
49Goodnight Mr Tom
7.4%
66The Magic Faraway Tree
6.5%
98Girls in Love
6.1%
89Magician
6%
80Double Act
5.7%
73Night Watch
5%
95Katherine
4.5%
86Vicky Angel
4.5%
72The Ragged Trousered Philanthropists
4.3%

From the Vault

'K' Cartoon Characters by Picture

by THEJMAN

Hopefully none of these characters throw you off your groove.
Remove Ads.
Support Sporcle.
Get the best of Sporcle when you Go Orange. This ad-free experience offers more features, more stats, and more fun while also helping to support Sporcle. Thank you for becoming a member.

Show Comments

Extras

Top Quizzes Today


Score Distribution

Your Account Isn't Verified!

In order to create a playlist on Sporcle, you need to verify the email address you used during registration. Go to your Sporcle Settings to finish the process.

Report this User

Report this user for behavior that violates our Community Guidelines.

Details: